Fernandel, star oubliée - Statistiques

Statistiques générales
  • Ce quiz a été pris 29 fois
  • Le résultat moyen est 15 sur 32
Statistiques - réponses
Question Réponse % Correct
Il a formé son pseudonyme sur son premier prénom
100%
En 1952, il crée au cinéma un personnage qui va lui coller à la peau... Don Camillo
80%
Il ne peut terminé le dernier film de la série Don Camillo intitulé... Don Camillo et ses constestataires
80%
En 1936, il triomphe dans un film pseudo-historique... François 1er
80%
La première spécialité de Fernandel sur scène est le comique troupier
80%
Comme chanteur, il connait le succès aussi. Mais quelle chanson n'est pas de lui ? Ma pomme
80%
Fernandel est né à Marseille
80%
Fernandel est né en 1903
60%
Dans la cuisine au beurre, il joue aux côtés de Bourvil le rôle de Fernand Jouvin
60%
Son dernier film achevé est... Heureux qui comme Ulysse
60%
En 1959, il est Charles Bailly dans La vache et le prisonnier
60%
En 1953, alors qu'il se trouve à Rome, il est invité à rencontrer... le pape Pie XII
60%
En 1932, il obtient le premier rôle dans l'adaptation d'une oeuvre de Maupassant... Laquelle ? Le rosier de Mme Husson
60%
Il est inhumé à Paris
60%
Fernandel meurt le 26 février 1971
40%
Ses films étant populaires, plusieurs ont été colorisés... Combien ? 8
40%
A la fin de sa vie, Fernandel habitait... Avenue Foch
40%
Il débute au cinéma en 1930 dans un film de Marc Allégret
40%
Sa famille est originaire d'Italie
40%
En 1939, il enregistre une chanson très anti-allemande appelée Faut pas, Francine
40%
Vittoria De Sica le fait tourner dans Le jugement dernier
40%
Dans les années 50, il enregistre plusieurs disques très appréciés. Lequel n'est pas de lui ? Le Petit Prince
40%
Marcel Pagnol le fait tourner avant guerre dans trois de ces films, quel est l'intrus ? Topaze
40%
Enfant, Fernandel a remporté un concours de chant
40%
Il est monté sur scène pour la première fois à 5 ans
20%
En 1928, Fernandel débute à Paris mais dans quelle salle ? Bobino
20%
Pendant la guerre, Fernandel continue à travailler ce qui lui vaut d'être boudé à la Libération mais il renoue vite avec le succès et tourne dès 1948 trois films, quel est l'intrus ? Casimir
20%
Le film est terminé avec dans le rôle du prêtre... Gastone Moschin
20%
Le plus grand succès au cinéma de Fernandel a été... Le petit monde de Don Camillo
20%
Fernandel a tourné des publicités, à laquelle n'a-t-il pas participé ? Celle pour... Les pâtes Panzani
20%
Son premier contrat le mène dans quatre villes de provinces, quelle est celle qu'il n'a pas alors visité ? Nantes
20%
Dès 1931, il joue aux côtés d'une des stars de l'époque... Jean Gabin
0%
Aucun quiz correspondant
Distribution des résultats
% des personnes avec chaque résultat
Percentile par nombre de réponses
Votre historique - résultats
Vous n’avez pas pris ce quiz